| 000 | 00686nam a2200241Ia 4500 | ||
|---|---|---|---|
| 003 | OSt | ||
| 005 | 20220918192806.0 | ||
| 006 | a|||||r|||| 00| 0 | ||
| 007 | ta | ||
| 008 | 220917b |||||||| |||| 00| 0 eng d | ||
| 024 | _a70,325 | ||
| 037 | _cTextual | ||
| 040 |
_aARTS _cARTS _beng |
||
| 041 |
_2eng _aeng |
||
| 082 | _aR355, M6 | ||
| 100 |
_aCrowe Michael J _980194 |
||
| 245 | 0 |
_aExtraterrestrial life debate 1750-1900 _b the idea of a plurality of worlds from Kant to |
|
| 260 |
_aLowell _bCUP _c1986 |
||
| 300 |
_axix,680p. _ccm. |
||
| 500 | _aBib 561-646p; Includes index | ||
| 942 |
_hR355, M6 _cTEXL _2CC |
||
| 999 |
_c196423 _d196423 |
||